"Shadowing" of the electromagnetic field of relativistic charged particles; Arxiv.org

Бібліографічні деталі
Parent link:Arxiv.org.— 2009.— Physics
Інші автори: Naumenko G. A. Gennadiy Andreevich, Artru X., Potylitsyn A. P. Alexander Petrovich, Popov Yu. A. Yuriy Anatolevich, Sukhikh L. G. Leonid Grigorievich, Shevelev M. V. Mihail Viktorovich
Резюме:Title screen
In radiation processes such as a transition radiation, diffraction radiation, etc. based on relativistic electrons passing through or near an opaque screen, the electron self-field is partly shadowed after the screen over a distance of the order of the formation length γ2λ. This effect has been investigated on coherent diffraction radiation (DR) by electron bunches. Absorbing and conductive half-plane screens were placed at various distances L before a standard DR source (inclined half-plane mirror). The radiation intensity was reduced when the screen was at small L and on the same side as the mirror. No reduction was observed when the screen was on the opposite side. It is worth noting that absorbing and conductive half-plane screens produce the same shadowing effect. The shadowing effect is responsible for a bound on the intensity of Smith-Purcell radiation
Мова:Англійська
Опубліковано: 2009
Предмети:
Онлайн доступ:http://arxiv.org/abs/0912.3361
Формат: Електронний ресурс Частина з книги
KOHA link:https://koha.lib.tpu.ru/cgi-bin/koha/opac-detail.pl?biblionumber=636339

MARC

LEADER 00000nla0a2200000 4500
001 636339
005 20250325143429.0
035 |a (RuTPU)RU\TPU\network\271 
090 |a 636339 
100 |a 20131126d2009 k||y0rusy50 ba 
101 0 |a eng 
102 |a US 
135 |a drnn ---uucaa 
181 0 |a i  
182 0 |a b 
200 1 |a "Shadowing" of the electromagnetic field of relativistic charged particles  |f G. A. Naumenko [et al.] 
203 |a Text  |c electronic 
300 |a Title screen 
320 |a [Referen.: (15 title)] 
330 |a In radiation processes such as a transition radiation, diffraction radiation, etc. based on relativistic electrons passing through or near an opaque screen, the electron self-field is partly shadowed after the screen over a distance of the order of the formation length γ2λ. This effect has been investigated on coherent diffraction radiation (DR) by electron bunches. Absorbing and conductive half-plane screens were placed at various distances L before a standard DR source (inclined half-plane mirror). The radiation intensity was reduced when the screen was at small L and on the same side as the mirror. No reduction was observed when the screen was on the opposite side. It is worth noting that absorbing and conductive half-plane screens produce the same shadowing effect. The shadowing effect is responsible for a bound on the intensity of Smith-Purcell radiation 
463 |t Arxiv.org  |v Physics  |d 2009 
610 1 |a электронный ресурс 
610 1 |a труды учёных ТПУ 
701 1 |a Naumenko  |b G. A.  |c physicist  |c senior research fellow of Tomsk Polytechnic University  |f 1947-  |g Gennadiy Andreevich  |3 (RuTPU)RU\TPU\pers\31524 
701 1 |a Artru  |b X. 
701 1 |a Potylitsyn  |b A. P.  |c Russian physicist  |c Professor of the TPU  |f 1945-  |g Alexander Petrovich  |3 (RuTPU)RU\TPU\pers\26306  |9 12068 
701 1 |a Popov  |b Yu. A.  |c physicist  |c design engineer of Tomsk Polytechnic University  |f 1985-  |g Yuriy Anatolevich  |3 (RuTPU)RU\TPU\pers\31528 
701 1 |a Sukhikh  |b L. G.  |c physicist  |c Professor of Tomsk Polytechnic University, Doctor of Sciences  |f 1984-  |g Leonid Grigorievich  |3 (RuTPU)RU\TPU\pers\31554  |9 15714 
701 1 |a Shevelev  |b M. V.  |c expert in the field of nuclear physics  |c engineer at Tomsk Polytechnic University  |f 1985-  |g Mihail Viktorovich  |3 (RuTPU)RU\TPU\pers\31529 
801 2 |a RU  |b 63413507  |c 20160211  |g RCR 
856 4 |u http://arxiv.org/abs/0912.3361 
942 |c CF